TOP 20 najpopularniejszych stron internetowych - Statystyki

Ogólne statystyki
  • Ten quiz został rozwiązany 5 876 razy
  • Średni wynik to 6 z 20
Statystyki odpowiedzi
Lp Liczba internautów Strona % Poprawnych
2 20,5 mln facebook.com
82%
1 25,4 mln google.com
82%
8 13,8 mln google.pl
82%
3 19,2 mln youtube.com
81%
4 17,1 mln onet.pl
44%
5 16,8 mln allegro.pl
42%
6 16,6 mln wp.pl
42%
9 13,3 mln olx.pl
33%
10 13,2 mln interia.pl
32%
7 13,9 mln wikipedia.org
27%
16 8,4 mln se.pl
26%
11 11,4 mln gazeta.pl
14%
12 10,8 mln ceneo.pl
9%
18 7,8 mln tvn24.pl
9%
19 7,8 mln wyborcza.pl
8%
13 9,7 mln fakt.pl
7%
20 7,4 mln money.pl
3%
17 8,2 mln radiozet.pl
3%
15 8,6 mln medonet.pl
2%
14 8,9 mln naszemiasto.pl
2%
Nie znaleziono quizów pasujących do podanych kryteriów
Rozkład punktacji
Procent ludzi z każdym wynikiem
Percentyl według liczby udzielonych odpowiedzi
Twoja historia wyników
Nie rozwiązałeś tego quizu